Manažerská ekonomika.

Salvato in:
Dettagli Bibliografici
Autore principale: Synek, Miloslav, 1935-
Natura: Libro
Lingua:ceco
Pubblicazione: Praha Grada Publishing 1996
Edizione:1. vyd..
Soggetti:
Accesso online:Visualizza in OPAC
Tags: Aggiungi Tag
Nessun Tag, puoi essere il primo ad aggiungerne!!

MARC

LEADER 00000nam a2200000 a 4500
005 20260127133943.0
008 050808s1996 xr 000 0 cze
020 |a 8071692115 
035 |a vtls008259162 
035 |a SVKPOKN070641 
039 9 |a 201702011310  |b mpppk02  |c 201012211108  |d msnk88  |c 200810021201  |d mschk03  |c 200508100547  |d VLOAD  |y 200508090405  |z VLOAD 
040 |a SVKPOKN  |b slo  |c SVKPOKN  |d SVKPO  |d STUSCHK1  |e AACR2 
041 0 |a cze 
044 |a xr  |c CZ 
080 |a 330:65.01 
100 1 |a Synek, Miloslav,  |d 1935-  |9 788 
245 1 0 |a Manažerská ekonomika.  |c Miloslav Synek 
250 |a 1. vyd.. 
260 |a Praha  |b Grada Publishing  |c 1996  |e Havličkův Brod  |f Tiskárny Havličkův Brod, a.s. 
300 |a 455 s. 
650 0 7 |a tlač 
653 |a ekonomika manažérska 
655 7 |a príručky  |2 svkpo 
910 |a svkponkat 
910 |a SCHK95 
910 |a pppk 
919 |a 80-7169-211-5 
999 |c 785  |d 785 
942 0 0 |0 2